Problema de formación de capital en los países insuficientemente desarrollados (Registro nro. 6716)

Detalles MARC
000 -LEADER
fixed length control field 00970 a2200217 4500
001 - CONTROL NUMBER
control field 59510
005 - DATE AND TIME OF LATEST TRANSACTION
control field 20260407155849.0
008 - FIXED-LENGTH DATA ELEMENTS--GENERAL INFORMATION
fixed length control field 260407a1955 arg spa d
003 - CONTROL NUMBER IDENTIFIER
control field AR-UNSa-BCEJYS
040 ## - CATALOGING SOURCE
Original cataloging agency AR-UNSa-BCEJYS
Language of cataloging spa
Transcribing agency AR-UNSa-BCEJYS
080 ## - UNIVERSAL DECIMAL CLASSIFICATION NUMBER
Universal Decimal Classification number 330.14
Common auxiliary subdivision Capital
100 1# - MAIN ENTRY--PERSONAL NAME
Personal name Nurkse, Ragnar
245 10 - TITLE STATEMENT
Title Problema de formación de capital en los países insuficientemente desarrollados
250 ## - EDITION STATEMENT
Edition statement 2a. ed.
264 #1 - PRODUCTION, PUBLICATION, DISTRIBUTION, MANUFACTURE, AND COPYRIGHT NOTICE
Place of production, publication, distribution, manufacture México :
Name of producer, publisher, distributor, manufacturer Fondo de Cultura Económica
Date of production, publication, distribution, manufacture, or copyright notice 1955
300 ## - PHYSICAL DESCRIPTION
Extent 172 p.
Dimensions 22 cm.
505 ## - FORMATTED CONTENTS NOTE
Formatted contents note 1. La magnitud del mercado y el estímulo a la inversión – 2. Población y oferta de capital – 3. El nivel de vida y la capacidad de ahorro – 4. Fuentes externas de capital – 5. Política comercial y formación de capital – 6. Tendencias recientes en la teoría de los movimientos internacionales de capital – 7. Las medidas internas
590 ## - LOCAL NOTE (RLIN)
Local note niveau_biblio:m niveau_hierar:0
700 1# - ADDED ENTRY--PERSONAL NAME
Personal name Chávez, Martha
942 ## - ADDED ENTRY ELEMENTS (KOHA)
Koha item type
Existencias
Withdrawn status Lost status Damaged status Not for loan Home library Current library Shelving location Date acquired Total checkouts Full call number Barcode Date last seen Price effective from Koha item type
        Biblioteca Prof. Eusebio Cleto del Rey Biblioteca Prof. Eusebio Cleto del Rey   07/04/2026   330.14 N974 2ed. L20296 07/04/2026 07/04/2026 Libro